| 000 | 00621nam a22002297a 4500 | ||
|---|---|---|---|
| 003 | OSt | ||
| 005 | 20220107122821.0 | ||
| 008 | 161017b xxu||||| |||| 00| 0 eng d | ||
| 020 | _a9789332570313 | ||
| 040 | _cIIITMK | ||
| 082 | _aR 006.32 HAY/N | ||
| 100 |
_aHaykin, Simon _910815 |
||
| 245 |
_aNeural networks and learning machines _cSimon Haykin |
||
| 250 | _a3 | ||
| 260 |
_aChennai, _bPearson India, _c2016. |
||
| 300 | _axxiv, 918p. | ||
| 650 |
_aCOMPUTER SCIENCE _910816 |
||
| 650 |
_aARTIFICAL INTELLIGENCE _910817 |
||
| 650 |
_aNEURAL NETWORKS _910818 |
||
| 650 |
_aNEURODYNAMICS _910819 |
||
| 942 |
_2ddc _cBK |
||
| 999 |
_c5407 _d5407 |
||